000 00509nam a22001697a 4500
003 OSt
005 20120302145930.0
008 090604t xxu||||| |||| 00| 0 eng d
035 _a४३८७
040 _cमराठी
245 _aधडपडणाऱ्या शाळा
250 _a१ ली
260 _aकोल्हापूर
_bगुरु ओम
_c१९८३
300 _b१७८ पाने
700 _aखटावकर, सुरेश
_95870
942 _2ddc
_cBOOK
999 _c490938
_d490935